Normal view
MARC view
Entry Topical Term
001 - CONTROL NUMBER
- control field: 48971
003 - CONTROL NUMBER IDENTIFIER
- control field: OSt
005 - DATE AND TIME OF LATEST TRANSACTION
- control field: 20241119113101.0
008 - FIXED-LENGTH DATA ELEMENTS
- fixed length control field: 241119|| aca||aabn | a|a d
040 ## - CATALOGING SOURCE
- Original cataloging agency: OSt
- Transcribing agency: OSt
150 ## - HEADING--TOPICAL TERM
- Topical term or geographic name entry element: Covid-19, Women workers, Informal sectors, Urban slums, Tamil Nadu.
670 ## - SOURCE DATA FOUND
- Source citation: Work cat.: (OSt): Amudha, A. and Kalyani, S. 48970, Impact of Covid-19 pandemic on women informal sector workers: A study of urban slums of Kodambakkam, central Chennai
